00338 a2200109 4500001001000000005001700010008004100027245006800068100003200136773004300168999001700211ART_4479420260410161629.0260409a 10aAnálisis de las propuestas de revalúo impositivo y contable1 aD´Onofrio, Paula Alejandra0 tEnfoquesg- Nº 12 (dic. 2017)wREV416 c12328d12328